000 01246nam a2200265 a 4500
001 BRCA_183
005 20190320202919.0
008 941012s1991 mx-a---###---#000-0dspa-#
020 _a9686120084
040 _aDLC
_cDLC
041 _aspa
_heng
050 4 _aF1211.T4
_b.T46 1991
100 1 _aVon Tempsky, Gustavus Ferdinand
_d1828-1868
_9673
245 1 0 _aMitla
_buna narración de incidentes y aventuras personales en un viaje por México, Guatemala y El Salvador en los años de 1853 a 1855 con observaciones sobre el modo de vida en esos países
_cpor G.F. von Tempsky ; traducido y editado por Mario de la Torre ; revisión de estilo Marivés Villalobos ; fotografía Michel Zabé.
260 _aMéxico
_bBanco de México
_c1991
300 _axv, 355 p.
_bil. (algunas a color), mapas
_c22 cm.
500 _aFacsímil de : Mitla : a narrative of incidents and personal adventures..., London : Longman, 1858
600 1 4 _aVon Tempsky, G. F.
_d1828-1868
_q(Gustavus Ferdinand)
_xViajes
_9674
651 4 _aMéxico
_xDescripción y viajes
_9103
651 4 _aGuatemala
_xDescripción y viajes
_9675
651 4 _aEl Salvador
_xDescripción y viajes
_9676
653 0 _aViajeros extranjeros
700 1 _aTorre, Mario de la
_9677
942 _2lcc
_cB
999 _c154
_d154